Základom legislatíva a dostatok informácií

Pracovné spoločenstvo spotrebiteľských zväzov v Bonne (AgV). Rozhovor s pracovníkom AgV Dragom Trbojevicom. Poradenské služby AgV v SRN. Úlohy AgV v oblasti ochrany spotrebiteľa. Spotrebiteľsko-politická korešpondencia - hlavný prostriedok informovania. Katalógy Infotéky pre spotrebiteľov. Vzťah nem...

Descrizione completa

Salvato in:
Dettagli Bibliografici
Autore principale: Zelienková, Zdenka
Natura: Libro
Lingua:slovacco
Soggetti:
Tags: Aggiungi Tag
Nessun Tag, puoi essere il primo ad aggiungerne!!

MARC

LEADER 00000nam a2200000 4500
001 r030718
005 20230824094503.3
041 0 |a slo 
044 |a SK 
245 1 0 |a Základom legislatíva a dostatok informácií  |c Zdenka Zelienková 
520 |a Pracovné spoločenstvo spotrebiteľských zväzov v Bonne (AgV). Rozhovor s pracovníkom AgV Dragom Trbojevicom. Poradenské služby AgV v SRN. Úlohy AgV v oblasti ochrany spotrebiteľa. Spotrebiteľsko-politická korešpondencia - hlavný prostriedok informovania. Katalógy Infotéky pre spotrebiteľov. Vzťah nemeckých spotrebiteľov k ochrane životného prostredia. Spolupráca AgV so spotrebiteľskými organizáciami v krajinách SVE. 
610 2 0 |a politika spotrebiteľská 
610 2 0 |a spotrebitelia 
610 2 0 |a združenia 
610 2 0 |a poradenstvo 
610 2 0 |a Nemecko 
610 2 0 |a ochrana spotrebiteľa 
610 2 0 |a ochrana prostredia životného 
610 2 0 |a obaly 
610 2 0 |a SVE 
610 2 0 |a PHARE 
100 1 |a Zelienková, Zdenka